000 00372nab a2200133Ia 4500
003 ES-SlBCS
005 20210601140451.0
008 140529s2004 xxu||||| |||| 00| 0 spa d
041 _aspa
100 1 _aPriede, Jaime
_9244889
245 0 0 _aAquí donde yo
_c Jaime Priede
773 0 _tCuadernos Hispanoamericanos
_gnº. 653-654, 2004, págs. 279-282
_wRev1135
942 _cAR
999 _c645020
_d645020